ਮੱਧਕਾਲੀ ਤੇ ਆਧੁਨਿਕ ਪੰਜਾਬੀ ਸਾਹਿਤ / (Record no. 79824)

MARC details
000 -LEADER
fixed length control field 00814nam a22002417a 4500
005 - DATE AND TIME OF LATEST TRANSACTION
control field 20131004145210.0
008 - FIXED-LENGTH DATA ELEMENTS--GENERAL INFORMATION
fixed length control field 090728t xxu||||| |||| 00| 0 pun d
010 ## - LCCN (DPL NO)
LC control number PUN-7571
020 ## - INTERNATIONAL STANDARD BOOK NUMBER
Terms of availability 350.00
International Standard Book Number 9788186745434
035 ## - SYSTEM CONTROL NUMBER
System control number PN-6689
037 ## - SOURCE OF ACQUISITION
Source of stock number/acquisition DBAD / PUB
037 ## - SOURCE OF ACQUISITION
Source of stock number/acquisition Satwant Book Agency
040 ## - CATALOGING SOURCE
Original cataloging agency dpl
Language of cataloging pn
082 ## - DEWEY DECIMAL CLASSIFICATION NUMBER
Classification number 851.08
100 ## - MAIN ENTRY--PERSONAL NAME
Personal name ਅਮਰਜੀਤ ਸਿੰਘ
245 ## - TITLE STATEMENT
Title ਮੱਧਕਾਲੀ ਤੇ ਆਧੁਨਿਕ ਪੰਜਾਬੀ ਸਾਹਿਤ /
Statement of responsibility, etc ਅਮਰਜੀਤ ਸਿੰਘ
246 ## - VARYING FORM OF TITLE
Title proper/short title Madhkali te adhunik punjabi sahit
Remainder of title by Amarjit Singh
260 ## - PUBLICATION, DISTRIBUTION, ETC. (IMPRINT)
Place of publication, distribution, etc New Delhi
Name of publisher, distributor, etc Satwant Book Agency
Date of publication, distribution, etc 2012
270 ## - ADDRESS
City New Delhi
300 4# - PHYSICAL DESCRIPTION
Extent 184p.
Dimensions 22ਸੇਂਮੀ (ਸਜਿਲੱਦ)
942 ## - ADDED ENTRY ELEMENTS (KOHA)
Source of classification or shelving scheme Dewey Decimal Classification
Item type Punjabi Bks
Classification part 851.08
Call number suffix ਅਮਰ
Holdings
Withdrawn status Lost status Source of classification or shelving scheme Damaged status Not for loan Collection code Home library Current library Date acquired Source of acquisition Cost, normal purchase price Total Checkouts Full call number Barcode Date last seen Copy number Cost, replacement price Koha item type
    Dewey Decimal Classification     Non-fiction D.B.Act.Division D.B.Act.Division 04/10/2013 DBAD 350.00   851.08 ਅਮਰ PN-6689 04/10/2013 1 350.00 Punjabi Bks

© Delhi Public Library
Hit Counter
free hit counter